000 00714nam a22002177a 4500
003 UA-OsUOA
001 105539
007 ta
008 20140312b un ||||| |||| 00| 0 ukr d
100 _aБеценко Т.
090 _a82
_bБ56
942 _cSA
040 _aUA-OsUOA
_bukr
_cUA-OsUOA
_dUA-OsUOA
245 _aФоностилістичний рівень філологічного аналізу художнього тексту (На прикладі поезії Павла Тичини "О панно Інно...")
300 _aС.32-37
955 _a0
041 _aukr
080 _a82
773 0 _w105534
650 7 _a82 Література. Літературознавство
_2UDC
999 _c391820
_d391820